Quizzes
Events
Quiz Creation
Community
Videos
Private Events
Remove Ads
Sign In
Join for FREE
Feedback
Dark Mode
Quiz Categories
Sports
Geography
Music
Movies
Television
Just For Fun
Miscellaneous
History
Literature
Language
Science
Gaming
Entertainment
Religion
Holiday
For Kids
Quiz Lab
Recent
Popular Today
Quiz Kudos Today
Editor Picks
Curator Picks
Quizzes by...
Day
Popularity
Type
Ratings
Length
Year
Community
Subscriptions
Recent Discussions
Orange Saloon
Badges
Playlists
Quests
Create
Leaderboards
Showdown
Live 5
Trivia Bingo
Activity
Puzzle Library
Sporcle Events
Private Events
Virtual Trivia
Globe League
Become a Host
Pub Owners
SporcleCon
Opinionation
Our Games
Videos
Blog
Mobile Apps
Partnerships
Remove Ads and Go Orange
Feedback
Music
Pop Music
The Beatles
Song
Album
Lyrics
Bands
Singers
Artist
Clip
Rock
Rap
Classical
Billboard
Country Music
Kpop
Taylor Swift
Music
Pop Music
The Beatles
Song
Album
Lyrics
Bands
Singers
Artist
Clip
Rock
Rap
Classical
Billboard
Country Music
Kpop
Taylor Swift
Random Quiz
Search Sporcle
×
Quiz Lab
Quiz Lab
Music
Song
Type in answers that appear in a list
Type in answers that appear in a list
Classic
Best Score? Go Orange.
Foo Fighters Song Spree Stats
Can you name the Foo Fighters lyrics?
By
HeatherJ
13m
170 Questions
2,412 Plays
2,412 Plays
2,412 Plays
Comments
Comments
Give Quiz Kudos
Give Quiz Kudos
-
- Ratings
hide this ad
Replay
Link that replays current quiz
Next Quiz
Link to next quiz in quiz playlist
You Got
0%
They Got
Avg Score
63%
Avg Friend Score
Upgrade to see
Score Distribution
Jump to the score distribution portion of the page
Score
0/170
Timer
13:00
0
Plays Today
% Correct
I
96.4%
I
96.4%
a
94.7%
a
94.7%
a
94.7%
you
92.4%
you
92.4%
you
92.4%
you
92.4%
you
92.4%
you
92.4%
you
92.4%
You
92.4%
you?
92.4%
the
92.2%
the
92.2%
the
92.2%
the
92.2%
the
92.2%
the
92.2%
to
86.7%
to
86.7%
to
86.7%
to
86.7%
to
86.7%
my
85.9%
my
85.9%
of
85.2%
of
85.2%
of
85.2%
of
85.2%
be
84.6%
be
84.6%
be
84.6%
her
82.4%
I've
81.4%
I've
81.4%
in
78.8%
in
78.8%
in
78.8%
in
78.8%
is
77.7%
Is
77.7%
and
77.4%
And
77.4%
and
77.4%
best,
77.3%
best,
77.3%
best
77.3%
best,
77.3%
I'm
76.6%
I'm
76.6%
for
75.3%
your
75.2%
your
75.2%
make
73.5%
me
73.4%
% Correct
me
73.4%
me,
73.4%
me.
73.4%
we
73.3%
We
73.3%
got
72.6%
got
72.6%
get
72.1%
another
71.9%
Another
71.9%
another
71.9%
another
71.9%
Everlong
71.4%
here
71.1%
confession
70.2%
someone
68.8%
fool
68.4%
out
68.2%
out
68.2%
getting
68.2%
all
68.2%
all
68.2%
on
67.7%
Hello
67.7%
she
67.5%
waited
67.2%
with
65.7%
with
65.7%
with
65.7%
with
65.7%
head
64.3%
It
63.1%
It
63.1%
Tonight
61.9%
break
61.8%
one
61.3%
one
61.3%
one
61.3%
One
61.3%
One
61.3%
One
61.3%
myself
60.6%
into
60.4%
time
59.4%
or
58.8%
What
57.8%
throw
57.8%
abused?
57.6%
sang.
57%
Were
56.5%
Everyone's
56.2%
Holdin'
55.7%
have
55.4%
chains
55.2%
night
55.1%
night
55.1%
red,
54.6%
% Correct
resist
54.6%
their
54.1%
down
53.6%
Down
53.6%
Are
53.4%
Come
53.3%
This
53.3%
this
53.3%
born
51.9%
away
51.8%
done
50.9%
waste
50.2%
could
48.9%
could
48.9%
never
48.6%
ten.
47.5%
ten
47.5%
ten
47.5%
there?
46.9%
innocence?
45.9%
take
44.9%
much
44.3%
sense.
44.3%
made
44%
Run
40.8%
new
40.7%
up
40.1%
Hey
39.5%
tell
39.4%
disappeared
38.9%
need
38.6%
right
38.3%
angels
38.1%
planning
37.6%
revenge
37.1%
I'll
36.9%
help
36.7%
things
36.3%
lie.
36.3%
Adolescent
36.1%
'cause
36%
Think
35.9%
like
35.7%
Wasting
34.9%
revolution
33.2%
resident
32.6%
Hook
31.9%
devil
31.3%
Ooh
24%
through.
23.8%
pass
21.8%
use
21.1%
outside
19.9%
stuck
19.9%
passerby
19.3%
Ooh
16.7%
Quiz Playlist
Details
Report
Send in Message
Add To Playlist
Classic:
Type in answers that appear in a list
Last Updated: Apr 1, 2017
Quiz Scoreboard
CHALLENGE
Sign Up to Join the Scoreboard
Show All
Scores
Hide
Comments
May contain spoilers
Recently Published
Click the 1999 NBA Draft
by nibperrychub
Sports
2m
Alphabetical 'K' Countries by Flag Minefield
by ylime102
Geography
3m
Pick 6: Fruits
by JohnFran
Miscellaneous
15s
More to Explore
Quiz From the Vault
Featured Blog Post
15 Basketball Trivia Facts You Can Be March Mad About
hide this ad
You Might Also Like...
Tags
Lyrics Quiz
Song Quiz
Dave Grohl
Foo Fighters
Musical Songs
Opening Lyrics
Today's Top Quizzes in Music
Browse Music
hide this ad
Today's Top Quizzes in Song
Browse Song
Top Contributed Quizzes in Music
1
Taylor Swift All Songs (2024)
2
A Taylor Swift Logic Puzzle
3
KPOP LOGIC QUIZ
4
Taylor Swift Logic Puzzle
5
NCT 2020 Logic Puzzle
6
Guess the Taylor Swift song (Mystery Song)
7
Joni Mitchell—'Car on a Hill' Lyrics
8
Guess The Taylor Swift Lyrics Song #1
9
Lana Del Rey songs - match the song with the album
10
kpop group name match up
Explore More
Trending Topics
Anime
Harry Potter
Crossword
Kpop
NBA
Disney
Marvel
NFL
Pokémon
Soccer
Puzzle
The Office
WWE
Country
Song
hide this ad
More By:
HeatherJ
Quiz
Plays
Rating
Category
Featured
Created
Foo Fighters Song Spree
2,412
5.00
Music
Dec 18, 2011
Dorothy Parker's Resume
74
5.00
Literature
Sep 17, 2010
Go to Creator's Profile
Score Distribution
Quiz Creator Spotlight
HeatherJ
Follow
Send a Message
Quizzes Created
-
Created Quiz Play Count
-
More By This Creator
Popular Quizzes Today
1
Find the US States - No Outlines Minefield
2
Countries of Asia Without Outlines Minefield
3
Pick 6: Fruits
4
The Countries of the World
5
Alphabetical 'K' Countries by Flag Minefield
6
Click the 1999 NBA Draft
7
Match the Book to the Film X
8
Find the US States
More Music Quizzes
Bruce Springsteen or Billy Joel?
Published
Trending Quizzes
Pick 6: Harry Potter
Pick 6: Mountains
Pick 6: NFL Teams
Pick 6: Movie Franchises
Pick 6: Golfers
Recently Updated
Women's Final Four Teams by Year
bhenderson79
Presidents Quartet II
eogle
Anything But Clue(do)
eogle
Anything But Oceanian Capitals
eogle
Anything But 7
eogle
Anything But Thing
eogle
Word Ladder: February 29
pecheneg
Song Title Questions
pecheneg
Women's NCAA Tournament #1 Seeds
pecheneg
Celebrity Mug Shots
pecheneg
Trending Topics
Kpop
Anime
Marvel
Disney
Crossword
NBA
Harry Potter
Puzzle
Soccer
Country
NFL
Pokémon
Song
The Office
WWE
Your Account Isn't Verified!
In order to create a playlist on Sporcle, you need to verify the email address you used during registration. Go to your
Sporcle Settings
to finish the process.
Report this User
Report this user for behavior that violates our
Community Guidelines
.
Details:
Send Report
Go to the Sporcle.com Mobile Site →
Comments